| 000 | 00572nam a2200229Ia 4500 | ||
|---|---|---|---|
| 005 | 20250425162127.0 | ||
| 008 | 250425s9999 xx 000 0 und d | ||
| 020 | _a9978723854 | ||
| 041 | _aspa | ||
| 043 | _aec | ||
| 082 | _a862.69866 | ||
| 100 | _aMARTINEZ QUEIROLO, JOSE | ||
| 245 | 0 | _aUNA CITA CON JOSE DE LA CUADRA | |
| 250 | _a1A ED. | ||
| 260 |
_aEcuador _bESPOL _c2003 |
||
| 260 | _aGUAYAQUIL | ||
| 300 | _a233 | ||
| 500 | _aSERIE " VINCULOS CON LA COMUNIDAD" N°2 COLECCION ESPOL | ||
| 650 | _aTEATRO ECUATORIANO | ||
| 942 | _c01 | ||
| 010 | _a51616 | ||
| 999 |
_c222870 _d222870 |
||